AIRPLANE PRFORMANCE STABILITY AND CONTROL (Record no. 582873)
[ view plain ]
| 000 -LEADER | |
|---|---|
| fixed length control field | 00285nam a22001097a 4500 |
| 082 ## - DEWEY DECIMAL CLASSIFICATION NUMBER | |
| Classification number | 629.1323 PER'A |
| 100 ## - MAIN ENTRY--PERSONAL NAME | |
| Personal name | HAGE, ROBERT E,PERKING, COURTLAND D |
| 9 (RLIN) | 77636 |
| 245 ## - TITLE STATEMENT | |
| Title | AIRPLANE PRFORMANCE STABILITY AND CONTROL |
| 260 ## - PUBLICATION, DISTRIBUTION, ETC. | |
| Place of publication, distribution, etc. | JAPAN |
| Name of publisher, distributor, etc. | JOHN WILEY |
| Date of publication, distribution, etc. | 1949 |
| 300 ## - PHYSICAL DESCRIPTION | |
| Extent | 493P |
| 942 ## - ADDED ENTRY ELEMENTS (KOHA) | |
| Koha item type | Book |
| Withdrawn status | Lost status | Damaged status | Not for loan | Permanent Location | Current Location | Shelving location | Date acquired | Total Checkouts | Full call number | Barcode | Date last seen | Price effective from | Koha item type |
|---|---|---|---|---|---|---|---|---|---|---|---|---|---|
| College of Electrical & Mechanical Engineering (CEME) | College of Electrical & Mechanical Engineering (CEME) | General Stacks | 06/08/2017 | 629.1323 PER'A | CEME-9162 | 06/28/2021 | 06/28/2021 | Book |
